20. yüzyıl siyasi tarihi : (Record no. 2643)
| 000 -BAŞLIK | |
|---|---|
| Sabit Uzunluktaki Kontrol Alanı | 01178nam a22003737a 4500 |
| 001 - KONTROL NUMARASI | |
| Control Dosyası | 0002656 |
| 003 - KONTROL NUMARASI KİMLİĞİ | |
| Kontrol Alanı | KOHA_MİRAKIL |
| 005 - EN SON İŞLEM TARİHİ ve ZAMANI | |
| Kontrol Alanı | 20260207001317.0 |
| 007 - FİZİKSEL TANIM SABİT ALAN - GENEL BİLGİ | |
| Sabit uzunluklu kontrol alanı | ta |
| 008 - SABİT UZUNLUKTAKİ VERİ ÖGELERİ - GENEL BİLGİ | |
| Sabit Alan | 100823b1994 tu |||gr||||#||||0|tur | |
| 020 ## - ISBN - ULUSLARARASI STANDART KİTAP NUMARASI | |
| Isbn | 975458009X |
| 040 ## - KATALOGLAMA KAYNAĞI | |
| Özgün Kataloglama Kurumu | TR-BiSEU |
| Kataloglama Dili | tur |
| Çeviri Kurumu | TR-BiSEU |
| Açıklama Kuralları | rda |
| 041 0# - DİL KODU | |
| Metin ya da ses kaydının dil kodu | tur |
| 044 ## - YAYINLAYAN/ÜRETEN KURULUŞUN ÜLKE KODU | |
| ISO country code | tu |
| 050 ## - SINIFLAMA ve YER NUMARASI | |
| Sınıflama Numarası | D442 |
| Yer Numarası | .A76 1994 |
| 100 1# - KİŞİ ADI | |
| Yazar Adı (Kişi adı) | Armaoğlu, Fahir. |
| 245 1# - ESER ADI BİLDİRİMİ | |
| Başlık | 20. yüzyıl siyasi tarihi : |
| Alt Eseradı vb. | 1980-1990/ |
| Sorumluluk Bildirimi | Fahir Armaoğlu ; Fahir Armaoğlu. |
| 264 #1 - ÜRERİM, YAYIN, DAĞITIM ve TELİF BİLDİRİMİ | |
| Yayın yeri | Ankara : |
| Yayınlayan | Türkiye İş Bankası Kültür Yayınları |
| Yayın tarihi | 1994 |
| 300 ## - FİZİKSEL TANIMLAMA | |
| Sayfa, Cilt vb. | 2 c. |
| 336 ## - İÇERİK TÜRÜ | |
| Content type term | metin |
| Content type code | txt |
| Source | rdacontent |
| 337 ## - MEDYA TÜRÜ | |
| Media type term | aracısız |
| Media type code | n |
| Source | rdamedia |
| 338 ## - TAŞIYICI TÜRÜ | |
| Carrier type term | cilt |
| Carrier type code | nc |
| Source | rdacarrier |
| 490 1# - DİZİ BİLDİRİMİ | |
| Dizi Bildirimi | Türkiye İş Bankası Kültür yayınları genel yayın ; |
| Cilt Numarası | no. |
| 490 1# - DİZİ BİLDİRİMİ | |
| Dizi Bildirimi | 313 Tarih dizisi ; |
| Cilt Numarası | no. |
| 490 1# - DİZİ BİLDİRİMİ | |
| Dizi Bildirimi | 24 |
| 500 ## - GENEL NOT | |
| Genel Not | Dizin var. |
| 500 ## - GENEL NOT | |
| Genel Not | c.1 1914-1980 c.2 1980-1990 |
| 650 #0 - KONU BAŞLIĞI EK GİRİŞ - KONU TERİMİ | |
| Konusal terim veya coğrafi ad | Dünya politikasi 20. Yüzyil. |
| 9 (RLIN) | 7212 |
| 650 #0 - KONU BAŞLIĞI EK GİRİŞ - KONU TERİMİ | |
| Konusal terim veya coğrafi ad | Siyasi bilimler Tarihçe. |
| 9 (RLIN) | 7213 |
| 830 1# - SERİ EK GİRİŞİ - TEKBİÇİM ESER ADI | |
| Tekbiçim Başlık | Türkiye İş Bankası Kültür yayınları genel yayın ; |
| Volume number/sequential designation | no. |
| 9 (RLIN) | 6398 |
| 830 1# - SERİ EK GİRİŞİ - TEKBİÇİM ESER ADI | |
| Tekbiçim Başlık | 313 Tarih dizisi ; |
| Volume number/sequential designation | no. |
| 9 (RLIN) | 7226 |
| 830 1# - SERİ EK GİRİŞİ - TEKBİÇİM ESER ADI | |
| Tekbiçim Başlık | 24 |
| 9 (RLIN) | 7227 |
| 942 ## - EK GİRİŞ ÖGELERİ (KOHA) | |
| Source of classification or shelving scheme | Library of Congress Classification |
| Koha item type | Book |
| Materyal Türü | Kalıcı Konum | Mevcut Konum | Raf Yeri | Sınıflandırma Kaynağı | Edinim Bilgisi | Ana Konular | Alt Konular | Yer Numarası | Cilt Bilgisi | Demirbaş Numarası | Fatura Tarihi | Maliyet, Alış Fiyatı | Maliyet, Yenileme Fiyatı | Geri Çekilme Durumu | Kayıp Durumu | Hasarlı Durumu | Kredi için değil | Kayıt Tarih | Toplam Ödünçverme | Çıkış Durumu | Son Görülme Tarihi | Son Kontrol Tarihi | Genel / Bağış Notu |
|---|---|---|---|---|---|---|---|---|---|---|---|---|---|---|---|---|---|---|---|---|---|---|---|
| Book | BŞEÜ Pazaryeri MYO Kütüphanesi | BŞEÜ Pazaryeri MYO Kütüphanesi | Library of Congress Classification | Bağış | DÜNYA TARİHİ (AVRUPA, ASYA, AFRİKA VB.) | Tarih (Genel) | D442 .A76 1994 | c.2 | 0022017 | 02/02/2026 | 5.00 | 5.00 | 23/08/2010 | 05/12/2024 | 05/12/2024 | Genel Bağış | |||||||
| Book | Prof. Dr. Azmi Özcan Kütüphanesi | Prof. Dr. Azmi Özcan Kütüphanesi | Uluğbey Salonu | Library of Congress Classification | Bağış | DÜNYA TARİHİ (AVRUPA, ASYA, AFRİKA VB.) | Tarih (Genel) | D442 .A76 1994 | c.2 | 0002656 | 13/08/2010 | 5.00 | 5.00 | 04/03/2009 | 22 | 07/05/2026 | 07/04/2026 | 07/04/2026 | İİBF |
